Derecho notarial : (Registro nro. 22217)

Detalles MARC
000 -Cabecera
Campo de control interno 00498nam a22002057a 4500
005 - Fecha y hora del registro
control field 20260410120917.0
008 - Elementos de Longitud Fija
fixed length control field 260410b |||||||| |||| 00| 0 spa d
041 ## - Idioma
Codigo Idioma ESP
082 ## - DEWEY y NOTACIÓN INTERNA
Dewey 345.733
Notación Interna G67
100 ## - AUTOR
Autor denominación Gonzales Barrón, Gunther Hernán
Término de relación autor
245 ## - TÍTULO DE MATERIAL BIBLIOGRÁFICO
Título Derecho notarial :
Título paralelo temas actuales
260 ## - CIUDAD, EDITORIAL, AÑO
Ciudad :
Nombre de la Editorial ,
Año 2011
300 ## - DESCRIPCIÓN
N° Páginas 256 páginas :
Otros detalles ;
Dimensiones 24 cm.
440 ## - MENCIÓN DE SERIE
Título de la Serie ;
650 ## - TEMAS
Temas Derecho
654 ## - PROGRAMAS
Programa Dpto. de Derecho y Ciencia Política
700 ## - OTROS AUTORES
Otros autores ;
942 ## - ELEMENTOS DE KOHA
Tipo de documento Libro
Nombre del creador Justo Noguera
Código de catalogador Justo Noguera
Suppress in OPAC No
Esquema de clasificación Dewey Decimal Classification
Existencias
Codigo completo Registro Colección Copia número Disponibilidad Tipo de préstamo Biblioteca Actual Procedencia (Biblioteca) Ubicacón Fecha Ingreso Tipo de Adquisición Date last seen Total checkouts Price effective from Tipo de Item Estado del Material Fuente de Clasificación Damaged status Withdrawn status
345.733 G67 1035405 Universidad Católica San Pablo 1 Disponible Disponible Víctor Andrés Belaunde Víctor Andrés Belaunde Primer piso 10/04/2026 Compra 10/04/2026   10/04/2026 Libro Bueno Dewey Decimal Classification